| 000 | 01677nam0a22003131 4500 | ||
|---|---|---|---|
| 001 | rc\2565876 | ||
| 005 | 20260503061531.0 | ||
| 035 | _a(NLR Aleph) 006730698 | ||
| 090 |
_a5540810 _c5540810 |
||
| 100 | _a20110914d1927 |||y0rusy50 ca | ||
| 101 | 0 | _arus | |
| 102 | _aRU | ||
| 105 | _ab z |||c| | ||
| 200 | 1 |
_aНарымский край _e(предварительный географический и промысловый очерк) _fИ. Г. Юданов |
|
| 210 |
_aКрасноярск _cиздание Сиб. краев. ком-та содействия малым народностям севера _d1927 _gКрасноярск. госуд. типо-лит. |
||
| 215 |
_a[2], 22 с., [1] вклад. л. карт. _d27х18 |
||
| 225 | 1 |
_aНаучно-промысловые исследования Сибири _iСерия А _fР.С.Ф.С.Р. Наркомзем. Сиб. ихтиологич. лаборатория. Под ред. зав. лабораторией А. И. Березовского _vвып. 3 |
|
| 607 |
_aНарымский край _xГеография _91720624 _3RU\NLR\AUTH\66767784 |
||
| 607 |
_aНарымский край _xЭкономическая география _92187580 _3RU\NLR\AUTH\6601551202 |
||
| 617 |
_aСССР _mСибирь Западная _cНарымский край |
||
| 686 | _aД890(2Р53-4Том) | ||
| 686 | _aУ04(2Р-4Том) | ||
| 700 | 1 |
_7ca _8rus _aЮданов _bИ. Г. _f1898-1971 _gИван Григорьевич _3RU\NLR\AUTH\770134222 _9134188 |
|
| 801 | 0 |
_aRU _bNLR _gpsbo |
|
| 801 | 1 |
_aRU _bELAR _2rusmarc |
|
| 801 | 2 |
_aRU _bNLR _c20140605 _2rusmarc |
|
| 852 |
_aNLR _j59/3076-3 |
||
| 942 | _cBOOK | ||
| 980 | _aNB | ||